Stezka Českem : ...nové příběhy /
Pokračování knihy Stezka Českem je kombinací průvodce, cestopiu, faktografických informací či turistických tipů ohledně turistické i cykloturistické trasy v rámci oficiálního přechodu po hranicích republiky.
Uloženo v:
| Série: | Stezka Českem,
část 2 |
|---|---|
| Hlavní autor: | |
| Médium: | E-kniha |
| Jazyk: | Czech |
| Vydáno: |
V Brně :
Jota,
2024
|
| Vydání: | Vydání první |
| Témata: | |
| On-line přístup: | Online verze |
| Příbuzné jednotky: | Z cyklu::
Stezka Českem |
| Tagy: |
Žádné tagy |
| LEADER | 02842nam a2200637 i 4500 | ||
|---|---|---|---|
| 001 | 312317 | ||
| 003 | CZ PrSKC | ||
| 005 | 20260601215721.0 | ||
| 007 | ta | ||
| 008 | 240311s2024 xr abc e f 000 0 cze | ||
| 015 | |a cnb003594942 | ||
| 020 | |a 9788076893320 |q (vázáno) | ||
| 035 | |a (OCoLC)1438776145 | ||
| 040 | |a OLA001 |b cze |e rda | ||
| 043 | |a e-xr--- | ||
| 072 | 7 | |a 913(437) |x Geografie Česka a Slovenska, reálie, cestování |2 Konspekt | |
| 080 | |a 796.5:625.711.8 |2 MRF | ||
| 080 | |a 796.51 |2 MRF | ||
| 080 | |a 796.61 |2 MRF | ||
| 080 | |a 913(437.3) |2 MRF | ||
| 080 | |a (437.3) |2 MRF | ||
| 080 | |a (036) |2 MRF | ||
| 080 | |a (0:82-992) |2 MRF | ||
| 100 | 1 | |a Úbl, Martin |7 ola2017973550 |4 aut | |
| 245 | 1 | 0 | |a Stezka Českem : |b ...nové příběhy / |c Martin Úbl a přátelé |
| 250 | |a Vydání první | ||
| 264 | 1 | |a V Brně : |b Jota, |c 2024 | |
| 300 | |a 317 stran : |b barevné ilustrace, mapy, portréty ; |c 24 cm | ||
| 336 | |a text |b txt |2 rdacontent | ||
| 336 | |a statický obraz |b sti |2 rdacontent | ||
| 337 | |a bez média |b n |2 rdamedia | ||
| 338 | |a svazek |b nc |2 rdacarrier | ||
| 500 | |a Obálkový podnázev: pěšky i na kole na prvním oficiálním přechodu po hranicích republiky | ||
| 500 | |a Obsahuje QR kódy s přístupem k doprovodným materiálům | ||
| 520 | 2 | |a Pokračování knihy Stezka Českem je kombinací průvodce, cestopiu, faktografických informací či turistických tipů ohledně turistické i cykloturistické trasy v rámci oficiálního přechodu po hranicích republiky. | |
| 650 | 0 | 7 | |a turistické trasy |7 ph606745 |z Česko |2 czenas |
| 650 | 0 | 7 | |a pěší turistika |7 ph124864 |z Česko |2 czenas |
| 650 | 0 | 7 | |a cykloturistika |7 ph114274 |z Česko |2 czenas |
| 650 | 0 | 9 | |a tourist trails |z Czechia |2 eczenas |
| 650 | 0 | 9 | |a hiking |z Czechia |2 eczenas |
| 650 | 0 | 9 | |a bicycle touring |z Czechia |2 eczenas |
| 651 | 7 | |a Stezka Českem (Česko : turistická trasa) |7 ge1171660 |2 czenas | |
| 651 | 7 | |a Česko |7 ge128065 |x reálie |2 czenas | |
| 651 | 9 | |a Stezka Českem (Czechia : tourist trail) |2 eczenas | |
| 651 | 9 | |a Czechia |x description and travel |2 eczenas | |
| 655 | 7 | |a průvodce |7 fd133154 |2 czenas | |
| 655 | 7 | |a cestopisy |7 fd131956 |2 czenas | |
| 655 | 9 | |a guidebooks |2 eczenas | |
| 655 | 9 | |a books of travels |2 eczenas | |
| 787 | 0 | 8 | |i Z cyklu: |t Stezka Českem |g 2 |
| 856 | 4 | 1 | |u https://www.bookport.cz/kniha/stezka-ceskem-nove-pribehy-12487/ |y Online verze |4 N |
| 900 | |a ABA001 |b 21 | ||
| 044 | |a xr | ||
| 910 | |a RBIT002 | ||
| 998 | |d 399921 |a https://core.palmknihy.cz/api/books/399921/cover?s9z3en |b https://core.palmknihy.cz/api/books/399921/cover/400?s9z3en |c https://core.palmknihy.cz/api/books/399921/cover/50?s9z3en |e 2028-12-31 |g 320 |i 9788076893320 |j https://core.palmknihy.cz/api/books/399921/preview.epub |l |q 49 |r 1 |s https://www.palmknihy.cz/kniha/399921 |t ebook |y 2024 |z 0 |v Stezka Českem |w 2 | ||
| 999 | |d 312315 | ||